000 01573nam a2200205 u 4500
003 AM-YeHGA
005 20250617140257.0
008 071123s1792 ||| r 000 0 arm d
040 _aAM-YeHGA
245 0 0 _aՄԱՇՏՈՑ.
260 _aԿ. Պոլիս :
_bտպ. Ստեփանոս Պետրոսյանի,
_c1792.
300 _a384 էջ ;
_c15.5 սմ.
500 _aՏԻՏՂԹ.՝ Ս[ուր]բ Գիրքս որ/ կոչի/ ՄԱՇՏՈՑ/ Պարունակէ յինքե[ան]ն զոմանս սրբազան/ արարողու[թ]ի[ւնս Հայաս-/տանեայց Եկեղե-/ցւոյ:/ Տպե[ա]լ Հր[ա]մ[ա]նաւ Տ[եառ]ն/ Զաք[ա]րի[ա]յ ազգասէր/ Պատրիարգի:/ Ի կոստանդնուպօլիս/ ի Տպարանի Պետրոսեան/ Ստեփաննոսի։/ ի Մատթէոս դպրէ։/
500 _a384 զարդափակ էջ: Ութածալ, մամուլանիշերը հայատառ: Շարվ. չափը շրջանակով՝ 12,4X8,3 սմ: Տիտղթ. խորանի մեջ: Էջախորագրերով (էջերի ներքևի մասում)։ 1 փորագիր պատկեր, գլխազարդեր, վերջազարդեր, լուսանցազարդեր և զարդագրեր։ Բնագիրը 12 կետաչափի բոլորագրով, օգտագործված են նաև նոտրգիր և գլխագրեր։
546 _aԳրաբար
650 1 4 _aՀայոց եկեղեցի
856 4 1 _uhttp://greenstone.flib.sci.am/gsdl/collect/armenian/Books/mashtoc1792/book/mashtoc1792.pdf
_yԿարդալ առցանց
942 _2udc
_cBK
090 _c218489
999 _c216964
_d216964